The international lesson annual. (Record no. 7476)
[ view plain ]
| 000 -LEADER | |
|---|---|
| fixed length control field | 01294cas a2200373 a 4500 |
| 001 - CONTROL NUMBER | |
| control field | 11148331 |
| 003 - CONTROL NUMBER IDENTIFIER | |
| control field | GBCCL |
| 005 - DATE AND TIME OF LATEST TRANSACTION | |
| control field | 20241126110629.0 |
| 007 - PHYSICAL DESCRIPTION FIXED FIELD--GENERAL INFORMATION | |
| fixed length control field | t| |
| 008 - FIXED-LENGTH DATA ELEMENTS--GENERAL INFORMATION | |
| fixed length control field | 760813d195619uutnuar 0 a0eng |
| 010 ## - | |
| -- | 55006961 |
| 022 0# - INTERNATIONAL STANDARD SERIAL NUMBER | |
| International Standard Serial Number | 0074-6770 |
| ISSN-L [OBSOLETE] | 0074-6770 |
| Source | 1 |
| 035 ## - SYSTEM CONTROL NUMBER | |
| System control number | (OCoLC)ocm02369568 |
| 040 ## - CATALOGING SOURCE | |
| Original cataloging agency | DLC |
| Transcribing agency | OCanM |
| Modifying agency | NSDP |
| -- | DLC |
| -- | NSDP |
| -- | DLC |
| -- | NSDP |
| -- | OCoLC |
| 042 ## - | |
| -- | nsdp |
| -- | pcc |
| 050 00 - | |
| -- | BV1560 |
| -- | .I64 |
| 082 #0 - DEWEY DECIMAL CLASSIFICATION NUMBER | |
| Classification number | 268.61 |
| Item number | INT |
| 222 #4 - | |
| -- | The International lesson annual |
| 245 04 - TITLE STATEMENT | |
| Title | The international lesson annual. |
| 260 ## - PUBLICATION, DISTRIBUTION, ETC. | |
| Place of publication, distribution, etc. | Nashville : |
| Name of publisher, distributor, etc. | Abingdon Press, |
| Date of publication, distribution, etc. | 1956- |
| 265 ## - SOURCE FOR ACQUISITION/SUBSCRIPTION ADDRESS [OBSOLETE] | |
| Source for acquisition/subscription address [OBSOLETE] | Abingdon Press, 201 8th Ave. South, Nashville, TN 37202 |
| 300 ## - PHYSICAL DESCRIPTION | |
| Extent | v. : |
| Other physical details | ill., maps. ; |
| Dimensions | 24 cm. |
| 310 ## - | |
| -- | Annual |
| 362 0# - | |
| -- | 1956- |
| 590 ## - LOCAL NOTE (RLIN) | |
| Local note | SERBIB/SERLOC merged record |
| 630 00 - SUBJECT ADDED ENTRY--UNIFORM TITLE | |
| Uniform title | International Sunday school lessons |
| Form subdivision | Periodicals. |
| 9 (RLIN) | 474 |
| 770 0# - SUPPLEMENT/SPECIAL ISSUE ENTRY | |
| Title | Class devotions |
| International Standard Serial Number | 0742-5724 |
| Record control number | (DLC)sn 84000900 |
| -- | (OCoLC)10367790 |
| 770 0# - SUPPLEMENT/SPECIAL ISSUE ENTRY | |
| Title | Devotional companion to the International lessons |
| International Standard Serial Number | 1074-9918 |
| Record control number | (DLC)sn 94003598 |
| -- | (OCoLC)29905064 |
| 785 00 - SUCCEEDING ENTRY | |
| Title | New international lesson annual |
| International Standard Serial Number | 1084-872X |
| Record control number | (DLC) 95648438 |
| -- | (OCoLC)32498357 |
| 906 ## - LOCAL DATA ELEMENT F, LDF (RLIN) | |
| a | 7 |
| b | cbc |
| c | serials |
| d | u |
| e | ncip |
| f | 19 |
| g | n-oclcserc |
| 936 ## - OCLC/CONSER MISCELLANEOUS DATA (OCLC); PIECE USED FOR CATALOGING (pre-AACR2) (RLIN) | |
| OCLC control number(s) of parallel record(s) (OCLC); Piece used for cataloging, PUC (RLIN) | Unknown |
| -- | 1978/79 (surrogate) |
| 942 ## - ADDED ENTRY ELEMENTS (KOHA) | |
| Source of classification or shelving scheme | Dewey Decimal Classification |
| Koha item type | Books |
| Withdrawn status | Lost status | Source of classification or shelving scheme | Damaged status | Not for loan | Home library | Current Library | Shelving location | Date acquired | Total checkouts | Full call number | Barcode | Date last seen | Copy number | Price effective from | Koha item type |
|---|---|---|---|---|---|---|---|---|---|---|---|---|---|---|---|
| Dewey Decimal Classification | GRACE BIBLE COLLEGE | GRACE BIBLE COLLEGE | Ministry & Mission | 2018-08-16 | 268.61 INT | 002642 | 2025-05-01 | 1988-89 | 2018-08-16 | Books | |||||
| Dewey Decimal Classification | GRACE BIBLE COLLEGE | GRACE BIBLE COLLEGE | Ministry & Mission | 2018-08-16 | 268.61 INT | 002690 | 2025-05-01 | 1961 | 2018-08-16 | Books |